Statistics for Познати диктатори

Click here to take the quiz!

General Stats

  • This quiz has been taken 811 times
  • The average score is 11 of 22

Answer Stats

ДиктаторДржава% Correct
Адолф ХитлерНемачка
100%
Јосип Броз ТитоЈугославија
98%
Бенито МусолиниИталија
97%
Мао ЦедунгКина
93%
Наполеон БонапартаФранцуска
89%
Ким Џонг-ИлСеверна Кореја
82%
Фидел КастроКуба
78%
Франциско ФранкоШпанија
72%
Садам ХусеинИрак
66%
Муамер ел ГадафиЛибија
65%
Николаје ЧаушескуРумунија
65%
Леонид БрежњевСовјетски Савез
45%
Аугусто ПиночеЧиле
43%
Хосни МубаракЕгипат
26%
Иди АминУганда
25%
Мобуту Сесе СекоЗаир
21%
Роберт МугабеЗимбабве
16%
Франсоа "Папа Док" ДивалијеХаити
16%
Мануел НоријегаПанама
15%
СулаРим
14%
Фердинанд МаркосФилипини
12%
Рафаел ТрухиљоДоминиканска Република
6%

Score Distribution

Percentile by Number Answered

Percent of People with Each Score

Your Score History

You have not taken this quiz